Responsabilidad y reconciliación ante la justicia transicional colombiana.
Tallennettuna:
| Päätekijä: | |
|---|---|
| Aineistotyyppi: | Kirja |
| Julkaistu: |
Medellín, Colombia:
EAFIT,
2017.
|
| Painos: | Primera edición |
| Sarja: | Colección Libellus
|
| Aiheet: | |
| Tagit: |
Lisää tagi
Ei tageja, Lisää ensimmäinen tagi!
|
MARC
| LEADER | 00000nam a22000007a 4500 | ||
|---|---|---|---|
| 003 | CL-VaPUC | ||
| 005 | 20220901160524.0 | ||
| 008 | 220822t2017 ||||| |||| 00| 0 eng d | ||
| 999 | |c 438412 |d 438410 | ||
| 020 | |a 978-958-720-451-3 | ||
| 040 | |c Pontificia Universidad Católica de Valparaíso | ||
| 082 | |a 303.69 GIR 2017 | ||
| 100 | 1 | |a Giraldo Ramírez, Jorge |e autor |9 875727 | |
| 245 | |a Responsabilidad y reconciliación ante la justicia transicional colombiana. | ||
| 250 | |a Primera edición | ||
| 260 | |a Medellín, Colombia: |b EAFIT, |c 2017. | ||
| 300 | |a 82 páginas. | ||
| 490 | |a Colección Libellus | ||
| 500 | |a c.1-2. Donación Dirección Escuela de Derecho. Memo 018. 08/06/2022 | ||
| 583 | |c 20220822 |k Catalogador Asistente | ||
| 650 | 0 | |9 875837 |a Justicia transicional |z Colombia | |
| 650 | 0 | |a Acuerdos de paz |x Fuerzas Armadas Revolucionarias de Colombia (FARC) |z |9 875838 | |
| 650 | 0 | |9 333649 |a Reconciliación |x Conflictos armados |z Colombia | |
| 650 | 0 | |9 431854 |a Responsabilidad política |x Colombia | |
| 942 | |2 ddc |c BK | ||
| 952 | |0 0 |1 0 |2 ddc |4 0 |6 303_690000000000000_GIR_2017 |7 0 |8 A |9 586319 |a BIBDER |b BIBDER |c GEN |d 2022-08-22 |e Donación |i 5654253 |o 303.69 GIR 2017 |p 5654253 |r 2023-01-25 |t 1 |w 2022-08-22 |y BK |k DER | ||